[Event "Hull 4NCL International"]
[Site "Hull"]
[Date "2021.10.23"]
[Round "2.7"]
[White "Gallana, Marco"]
[Black "Varley, Joe"]
[Result "1-0"]
[WhiteElo "2258"]
[BlackElo "1905"]
[PlyCount "0"]
[EventDate "2021.10.22"]

1. d4 {[%clk 01:30:55]} {[%emt 00:00:04]} Nf6 {[%clk 01:30:53]} {[%emt
00:00:07]} 2. c4 {[%clk 01:31:17]} {[%emt 00:00:09]} g6 {[%clk 01:31:16]}
{[%emt 00:00:07]} 3. Nc3 {[%clk 01:31:37]} {[%emt 00:00:11]} d5 {[%clk
01:31:39]} {[%emt 00:00:07]} 4. Nf3 {[%clk 01:31:36]} {[%emt 00:00:31]} Bg7
{[%clk 01:32:00]} {[%emt 00:00:09]} 5. Bg5 {[%clk 01:30:49]} {[%emt 00:01:18]}
Ne4 {[%clk 01:31:44]} {[%emt 00:00:46]} 6. Bf4 {[%clk 01:31:00]} {[%emt
00:00:18]} Nxc3 {[%clk 01:30:27]} {[%emt 00:01:47]} 7. bxc3 {[%clk 01:31:22]}
{[%emt 00:00:09]} c6 {[%clk 01:30:47]} {[%emt 00:00:10]} 8. e3 {[%clk
01:31:01]} {[%emt 00:00:50]} O-O {[%clk 01:31:03]} {[%emt 00:00:13]} 9. Qb3
{[%clk 01:30:23]} {[%emt 00:01:08]} b6 {[%clk 01:26:03]} {[%emt 00:05:31]} 10.
Be2 {[%clk 01:22:57]} {[%emt 00:07:56]} Bb7 {[%clk 01:24:02]} {[%emt 00:02:31]}
11. h4 {[%clk 01:21:35]} {[%emt 00:01:52]} h6 {[%clk 01:21:25]} {[%emt
00:03:06]} 12. O-O {[%clk 01:19:41]} {[%emt 00:02:23]} Nd7 {[%clk 01:21:44]}
{[%emt 00:00:13]} 13. a4 {[%clk 01:17:16]} {[%emt 00:02:55]} dxc4 {[%clk
01:12:39]} {[%emt 00:09:35]} 14. Bxc4 {[%clk 01:17:04]} {[%emt 00:00:41]} c5
{[%clk 01:12:03]} {[%emt 00:01:07]} 15. Be2 {[%clk 01:06:40]} {[%emt 00:10:54]}
Qc8 {[%clk 01:07:50]} {[%emt 00:04:43]} 16. a5 {[%clk 01:01:39]} {[%emt
00:05:31]} e6 {[%clk 00:48:57]} {[%emt 00:19:23]} 17. Rfd1 {[%clk 00:56:41]}
{[%emt 00:05:27]} Ba6 {[%clk 00:45:18]} {[%emt 00:04:08]} 18. Bxa6 {[%clk
00:54:03]} {[%emt 00:03:09]} Qxa6 {[%clk 00:45:37]} {[%emt 00:00:11]} 19. axb6
{[%clk 00:43:14]} {[%emt 00:11:19]} Qxb6 {[%clk 00:45:51]} {[%emt 00:00:16]} 20.
Qa4 {[%clk 00:43:15]} {[%emt 00:00:30]} Qb7 {[%clk 00:42:06]} {[%emt 00:04:13]}
21. Rdb1 {[%clk 00:37:35]} {[%emt 00:06:10]} Qc8 {[%clk 00:42:02]} {[%emt
00:00:35]} 22. Qb5 {[%clk 00:37:11]} {[%emt 00:00:54]} Rd8 {[%clk 00:38:42]}
{[%emt 00:03:50]} 23. Qb7 {[%clk 00:31:16]} {[%emt 00:06:25]} cxd4 {[%clk
00:37:10]} {[%emt 00:02:03]} 24. cxd4 {[%clk 00:30:59]} {[%emt 00:00:47]} a5
{[%clk 00:34:03]} {[%emt 00:03:37]} 25. Bc7 {[%clk 00:29:10]} {[%emt 00:02:18]}
Qxb7 {[%clk 00:28:55]} {[%emt 00:05:39]} 26. Rxb7 {[%clk 00:29:30]} {[%emt
00:00:09]} Rdc8 {[%clk 00:29:18]} {[%emt 00:00:07]} 27. Rxa5 {[%clk 00:20:23]}
{[%emt 00:09:38]} Rxa5 {[%clk 00:28:56]} {[%emt 00:00:52]} 28. Bxa5 {[%clk
00:20:44]} {[%emt 00:00:09]} Nb8 {[%clk 00:29:01]} {[%emt 00:00:25]} 29. g4
{[%clk 00:19:51]} {[%emt 00:01:22]} Nc6 {[%clk 00:27:02]} {[%emt 00:02:30]} 30.
Bc7 {[%clk 00:19:58]} {[%emt 00:00:23]} Bf6 {[%clk 00:26:38]} {[%emt 00:00:54]}
31. Kg2 {[%clk 00:19:21]} {[%emt 00:01:07]} Ra8 {[%clk 00:25:01]} {[%emt
00:02:07]} 32. Bd6 {[%clk 00:15:34]} {[%emt 00:04:17]} Na5 {[%clk 00:24:00]} 33.
Rc7 {[%clk 00:14:11]} {[%emt 00:03:23]} Ra6 {[%clk 00:17:37]} 34. Bf4 {[%clk
00:14:27]} {[%emt 00:07:08]} Bg7 {[%clk 00:14:58]} 35. Rc8+ {[%clk 00:11:31]}
{[%emt 00:06:36]} Kh7 {[%clk 00:15:09]} 36. Ne5 {[%clk 00:11:27]} {[%emt
00:00:53]} f5 {[%clk 00:14:57]} 37. Rc7 {[%clk 00:11:06]} {[%emt 00:01:32]} Rb6
{[%clk 00:13:28]} 38. Nd7 {[%clk 00:09:08]} {[%emt 00:04:27]} Rb7 {[%clk
00:11:29]} 39. Nf6+ {[%clk 00:08:29]} {[%emt 00:03:38]}  1-0

[Event "Hull 4NCL International"]
[Site "Hull"]
[Date "2021.10.23"]
[Round "2.8"]
[White "Andal, Edmond"]
[Black "Majumder, Shrayan"]
[Result "0-1"]
[WhiteElo "2230"]
[BlackElo "1647"]
[PlyCount "0"]
[EventDate "2021.10.22"]

1. c4 {[%clk 01:15:33]} {[%emt 00:15:27]} Nf6 {[%clk 01:30:34]} {[%emt
00:00:26]} 2. Nc3 {[%clk 01:15:54]} {[%emt 00:00:10]} e6 {[%clk 01:30:23]}
{[%emt 00:00:40]} 3. e4 {[%clk 01:15:46]} {[%emt 00:00:37]} Nc6 {[%clk
01:27:57]} {[%emt 00:02:57]} 4. d4 {[%clk 01:10:53]} {[%emt 00:05:23]} d5
{[%clk 01:18:30]} {[%emt 00:09:57]} 5. e5 {[%clk 01:09:11]} {[%emt 00:02:11]}
Ne4 {[%clk 01:18:38]} {[%emt 00:00:23]} 6. Nf3 {[%clk 00:59:41]} {[%emt
00:10:00]} Be7 {[%clk 01:05:57]} {[%emt 00:13:11]} 7. Bd3 {[%clk 00:59:07]}
{[%emt 00:01:02]} Nxc3 {[%clk 01:05:59]} {[%emt 00:00:29]} 8. bxc3 {[%clk
00:59:36]} {[%emt 00:00:02]} dxc4 {[%clk 01:04:29]} {[%emt 00:02:00]} 9. Bxc4
{[%clk 01:00:02]} {[%emt 00:00:04]} b6 {[%clk 01:03:34]} {[%emt 00:01:25]} 10.
Qe2 {[%clk 00:52:48]} {[%emt 00:07:43]} Na5 {[%clk 00:59:56]} {[%emt 00:04:08]}
11. Bb5+ {[%clk 00:52:18]} {[%emt 00:01:00]} Bd7 {[%clk 00:57:05]} {[%emt
00:03:21]} 12. Bd3 {[%clk 00:52:46]} {[%emt 00:00:02]} c5 {[%clk 00:55:16]}
{[%emt 00:02:18]} 13. O-O {[%clk 00:52:43]} {[%emt 00:00:33]} cxd4 {[%clk
00:54:04]} {[%emt 00:01:42]} 14. Rd1 {[%clk 00:51:24]} {[%emt 00:01:49]} O-O
{[%clk 00:52:36]} {[%emt 00:01:58]} 15. Qe4 {[%clk 00:44:06]} {[%emt 00:07:48]}
g6 {[%clk 00:52:58]} {[%emt 00:00:07]} 16. Nxd4 {[%clk 00:44:19]} {[%emt
00:00:17]} Qc7 {[%clk 00:48:41]} {[%emt 00:04:47]} 17. Bh6 {[%clk 00:41:47]}
{[%emt 00:03:01]} Rfd8 {[%clk 00:48:46]} {[%emt 00:00:26]} 18. Rac1 {[%clk
00:41:52]} {[%emt 00:00:25]} Nc4 {[%clk 00:33:38]} {[%emt 00:15:38]} 19. Re1
{[%clk 00:41:44]} {[%emt 00:00:36]} Rac8 {[%clk 00:26:56]} {[%emt 00:07:14]} 20.
h4 {[%clk 00:41:20]} {[%emt 00:00:54]} Be8 {[%clk 00:21:20]} {[%emt 00:06:07]}
21. h5 {[%clk 00:35:57]} {[%emt 00:05:53]} Rd5 {[%clk 00:21:35]} {[%emt
00:00:16]} 22. Bf4 {[%clk 00:35:05]} {[%emt 00:01:20]} Ba3 {[%clk 00:17:25]}
{[%emt 00:04:40]} 23. Rc2 {[%clk 00:30:16]} {[%emt 00:05:19]} Nb2 {[%clk
00:17:04]} {[%emt 00:00:52]} 24. Ba6 {[%clk 00:29:34]} {[%emt 00:01:12]} Rb8
{[%clk 00:15:06]} {[%emt 00:02:28]} 25. Bc1 {[%clk 00:23:38]} {[%emt 00:06:26]}
Ra5 {[%clk 00:14:33]} {[%emt 00:01:03]} 26. Bf1 {[%clk 00:24:05]} {[%emt
00:00:03]} Nc4 {[%clk 00:14:08]} {[%emt 00:00:55]} 27. Nxe6 {[%clk 00:23:22]}
{[%emt 00:01:13]} fxe6 {[%clk 00:12:47]} {[%emt 00:01:51]} 28. Bxc4 {[%clk
00:23:30]} {[%emt 00:00:21]} Bf7 {[%clk 00:11:39]} {[%emt 00:01:39]} 29. hxg6
{[%clk 00:22:22]} {[%emt 00:01:38]} Bxg6 {[%clk 00:07:59]} {[%emt 00:04:10]} 30.
Bxe6+ {[%clk 00:22:09]} {[%emt 00:00:42]} Kh8 {[%clk 00:08:27]} {[%emt
00:00:03]} 31. Bg5 {[%clk 00:21:20]} {[%emt 00:01:20]} Rf8 {[%clk 00:07:19]}
{[%emt 00:01:38]} 32. Qe2 {[%clk 00:18:33]} {[%emt 00:03:16]} Bxc2 {[%clk
00:07:30]} {[%emt 00:00:18]} 33. Qxc2 {[%clk 00:18:54]} {[%emt 00:00:10]} Rxe5
{[%clk 00:07:11]} {[%emt 00:00:49]} 34. Qd2 {[%clk 00:17:41]} {[%emt 00:01:42]}
Qd6 {[%clk 00:05:01]} {[%emt 00:02:40]} 35. Rxe5 {[%clk 00:17:24]} {[%emt
00:00:48]} Qxe5 {[%clk 00:05:28]} {[%emt 00:00:03]} 36. Qd4 {[%clk 00:17:09]}
{[%emt 00:00:44]} Qxd4 {[%clk 00:04:53]} {[%emt 00:01:06]} 37. cxd4 {[%clk
00:17:38]} {[%emt 00:00:01]} Bd6 {[%clk 00:04:55]} {[%emt 00:00:28]} 38. g3
{[%clk 00:14:43]} {[%emt 00:03:24]} Kg7 {[%clk 00:05:20]} {[%emt 00:00:05]} 39.
f4 {[%clk 00:14:11]} {[%emt 00:01:02]} h6 {[%clk 00:04:44]} {[%emt 00:01:06]}
40. Bh4 {[%clk 00:14:40]} {[%emt 00:00:02]} Re8 {[%clk 00:03:46]} {[%emt
00:01:28]} 41. d5 {[%clk 00:11:09]} {[%emt 00:04:01]} Be7 {[%clk 00:04:01]}
{[%emt 00:00:15]} 42. Bxe7 {[%clk 00:11:22]} {[%emt 00:00:16]} Rxe7 {[%clk
00:04:29]} {[%emt 00:00:03]} 43. g4 {[%clk 00:10:41]} {[%emt 00:01:11]} Kf6
{[%clk 00:04:38]} {[%emt 00:00:21]} 44. Kf2 {[%clk 00:10:40]} {[%emt 00:00:31]}
Rc7 {[%clk 00:04:54]} {[%emt 00:00:14]} 45. Ke3 {[%clk 00:10:17]} {[%emt
00:00:53]} b5 {[%clk 00:03:56]} {[%emt 00:01:29]} 46. Bg8 {[%clk 00:06:12]}
{[%emt 00:04:34]} b4 {[%clk 00:03:16]} {[%emt 00:01:10]} 47. Kd4 {[%clk
00:06:29]} {[%emt 00:00:14]} a5 {[%clk 00:02:51]} {[%emt 00:00:55]} 48. d6
{[%clk 00:06:32]} {[%emt 00:00:27]} Rg7 {[%clk 00:03:01]} {[%emt 00:00:20]} 49.
g5+ {[%clk 00:04:55]} {[%emt 00:02:07]} hxg5 {[%clk 00:02:54]} {[%emt
00:00:36]} 50. fxg5+ {[%clk 00:05:24]} {[%emt 00:00:01]} Rxg5 {[%clk 00:03:15]}
{[%emt 00:00:09]} 51. Bd5 {[%clk 00:05:44]} {[%emt 00:00:10]} a4 {[%clk
00:02:53]} {[%emt 00:00:52]} 52. Bc4 {[%clk 00:05:40]} {[%emt 00:00:34]} b3
{[%clk 00:02:09]} {[%emt 00:01:14]} 53. axb3 {[%clk 00:06:09]} {[%emt
00:00:02]} a3 {[%clk 00:02:33]} {[%emt 00:00:06]} 54. Kc3 {[%clk 00:04:43]}
{[%emt 00:01:55]} Rg2 {[%clk 00:02:53]} {[%emt 00:00:10]} 55. b4 {[%clk
00:04:53]} {[%emt 00:00:21]} a2 {[%clk 00:02:54]} {[%emt 00:00:29]} 56. Bxa2
{[%clk 00:05:21]} {[%emt 00:00:03]} Rxa2 {[%clk 00:03:18]} {[%emt 00:00:05]} 57.
Kc4 {[%clk 00:05:43]} {[%emt 00:00:08]} Ke6 {[%clk 00:03:28]} {[%emt 00:00:19]}
58. Kc5 {[%clk 00:06:09]} {[%emt 00:00:04]} Rc2+ {[%clk 00:03:37]} {[%emt
00:00:21]} 59. Kb6 {[%clk 00:06:38]} {[%emt 00:00:01]} Kxd6 {[%clk 00:03:48]}
{[%emt 00:00:18]} 60. b5 {[%clk 00:07:04]} {[%emt 00:00:05]} Rb2 {[%clk
00:04:08]} {[%emt 00:00:09]}  0-1

[Event "Hull 4NCL International"]
[Site "Hull"]
[Date "2021.10.23"]
[Round "2.9"]
[White "Flynn, David"]
[Black "Birtwistle, Nigel"]
[Result "1/2-1/2"]
[WhiteElo "1863"]
[BlackElo "2194"]
[PlyCount "0"]
[EventDate "2021.10.22"]

1. e4 {[%clk 01:28:08]} {[%emt 00:02:51]} c5 {[%clk 01:30:50]} {[%emt
00:00:10]} 2. Nc3 {[%clk 01:28:33]} {[%emt 00:00:05]} g6 {[%clk 01:31:13]}
{[%emt 00:00:07]} 3. d4 {[%clk 01:28:24]} {[%emt 00:00:39]} cxd4 {[%clk
01:29:12]} {[%emt 00:02:32]} 4. Qxd4 {[%clk 01:27:29]} {[%emt 00:01:24]} Nf6
{[%clk 01:29:25]} {[%emt 00:00:16]} 5. Nf3 {[%clk 01:26:56]} {[%emt 00:01:03]}
Nc6 {[%clk 01:29:15]} {[%emt 00:00:41]} 6. Qa4 {[%clk 01:26:21]} {[%emt
00:01:06]} d6 {[%clk 01:28:49]} {[%emt 00:00:56]} 7. e5 {[%clk 01:24:53]}
{[%emt 00:01:58]} dxe5 {[%clk 01:27:59]} {[%emt 00:01:20]} 8. Nxe5 {[%clk
01:24:30]} {[%emt 00:00:54]} Bd7 {[%clk 01:27:26]} {[%emt 00:01:03]} 9. Nxd7
{[%clk 01:24:36]} {[%emt 00:00:24]} Qxd7 {[%clk 01:27:14]} {[%emt 00:00:42]} 10.
Bb5 {[%clk 01:19:30]} {[%emt 00:05:36]} Bg7 {[%clk 01:27:29]} {[%emt 00:00:15]}
11. O-O {[%clk 01:10:27]} {[%emt 00:09:33]} O-O {[%clk 01:27:32]} {[%emt
00:00:27]} 12. Be3 {[%clk 01:03:25]} {[%emt 00:07:33]} Rfc8 {[%clk 01:23:28]}
{[%emt 00:04:34]} 13. Rad1 {[%clk 00:59:26]} {[%emt 00:04:29]} Qf5 {[%clk
01:22:49]} {[%emt 00:01:08]} 14. Bd3 {[%clk 00:55:41]} {[%emt 00:04:15]} Qa5
{[%clk 01:17:30]} {[%emt 00:05:49]} 15. Qxa5 {[%clk 00:53:01]} {[%emt
00:03:11]} Nxa5 {[%clk 01:17:53]} {[%emt 00:00:07]} 16. Be2 {[%clk 00:44:41]}
{[%emt 00:08:49]} Nc4 {[%clk 01:12:20]} {[%emt 00:06:04]} 17. Bc1 {[%clk
00:44:32]} {[%emt 00:00:40]} Ne5 {[%clk 01:09:53]} {[%emt 00:02:57]} 18. f4
{[%clk 00:42:46]} {[%emt 00:02:16]} Nc6 {[%clk 01:08:27]} {[%emt 00:01:55]} 19.
Bf3 {[%clk 00:42:05]} {[%emt 00:01:11]} Rab8 {[%clk 01:04:38]} {[%emt
00:04:19]} 20. Rfe1 {[%clk 00:36:09]} {[%emt 00:06:26]} Kf8 {[%clk 00:53:04]}
{[%emt 00:12:05]} 21. Be3 {[%clk 00:31:46]} {[%emt 00:04:53]} b6 {[%clk
00:50:46]} {[%emt 00:02:47]} 22. Re2 {[%clk 00:27:11]} {[%emt 00:05:05]} Na5
{[%clk 00:45:34]} {[%emt 00:05:42]} 23. Bd4 {[%clk 00:17:34]} {[%emt 00:10:07]}
Rd8 {[%clk 00:41:56]} {[%emt 00:04:09]} 24. Be5 {[%clk 00:15:50]} {[%emt
00:02:14]} Rxd1+ {[%clk 00:38:08]} {[%emt 00:04:18]} 25. Nxd1 {[%clk 00:16:18]}
{[%emt 00:00:01]} Rd8 {[%clk 00:37:23]} {[%emt 00:01:14]} 26. Ne3 {[%clk
00:16:44]} {[%emt 00:00:05]} Rc8 {[%clk 00:31:50]} {[%emt 00:06:03]} 27. Rd2
{[%clk 00:15:41]} {[%emt 00:01:33]} Ke8 {[%clk 00:26:24]} {[%emt 00:05:56]} 28.
Bc3 {[%clk 00:12:59]} {[%emt 00:03:12]} Nc6 {[%clk 00:20:01]} {[%emt 00:06:53]}
29. g3 {[%clk 00:09:46]} {[%emt 00:03:43]} Nh5 {[%clk 00:16:12]} {[%emt
00:04:19]} 30. Bxg7 {[%clk 00:08:57]} {[%emt 00:01:19]} Nxg7 {[%clk 00:15:33]}
{[%emt 00:01:10]} 31. c3 {[%clk 00:09:26]} {[%emt 00:00:02]} Ne6 {[%clk
00:12:22]} {[%emt 00:03:40]} 32. Kf1 {[%clk 00:06:01]} {[%emt 00:03:55]} Nb8
{[%clk 00:10:15]} {[%emt 00:02:37]} 33. Be2 {[%clk 00:05:30]} {[%emt 00:01:00]}
Nc7 {[%clk 00:09:20]} {[%emt 00:01:25]} 34. Nd5 {[%clk 00:05:16]} {[%emt
00:00:44]} Nxd5 {[%clk 00:08:47]} {[%emt 00:01:04]} 35. Rxd5 {[%clk 00:05:45]}
{[%emt 00:00:01]} e6 {[%clk 00:07:59]} {[%emt 00:01:18]} 36. Bb5+ {[%clk
00:06:00]} {[%emt 00:00:15]} Ke7 {[%clk 00:08:14]} {[%emt 00:00:14]} 37. Rd2
{[%clk 00:06:05]} {[%emt 00:00:25]} Rc5 {[%clk 00:07:55]} {[%emt 00:00:49]} 38.
Be2 {[%clk 00:05:54]} {[%emt 00:00:41]} Nd7 {[%clk 00:07:22]} {[%emt 00:01:02]}
39. Rd4 {[%clk 00:05:55]} {[%emt 00:00:29]} h5 {[%clk 00:06:09]} {[%emt
00:01:43]} 40. Ra4 {[%clk 00:05:10]} {[%emt 00:01:16]} Rc7 {[%clk 00:05:51]}
{[%emt 00:00:48]} 41. Ke1 {[%clk 00:03:15]} {[%emt 00:02:25]} Nf6 {[%clk
00:05:11]} {[%emt 00:01:10]} 42. Rd4 {[%clk 00:02:48]} {[%emt 00:00:57]} Rc5
{[%clk 00:04:36]} {[%emt 00:01:04]} 43. Ra4 {[%clk 00:02:59]} {[%emt 00:00:20]}
Rc7 {[%clk 00:04:44]} {[%emt 00:00:22]} 44. Rd4 {[%clk 00:03:22]} {[%emt
00:00:07]} Ne8 {[%clk 00:04:37]} {[%emt 00:00:37]} 45. Kd2 {[%clk 00:03:23]}
{[%emt 00:00:29]} Nd6 {[%clk 00:04:14]} {[%emt 00:00:53]} 46. Bd3 {[%clk
00:02:09]} {[%emt 00:01:44]} Rc5 {[%clk 00:03:18]} {[%emt 00:01:27]} 47. Ra4
{[%clk 00:02:10]} {[%emt 00:00:29]} Rc7 {[%clk 00:03:44]} {[%emt 00:00:04]} 48.
Rd4 {[%clk 00:02:33]} {[%emt 00:00:06]} Ne8 {[%clk 00:03:39]} {[%emt 00:00:33]}
49. Be2 {[%clk 00:02:09]} {[%emt 00:00:55]} Nf6 {[%clk 00:03:26]} {[%emt
00:00:44]} 50. Bf3 {[%clk 00:02:19]} {[%emt 00:00:20]} Rc5 {[%clk 00:03:11]}
{[%emt 00:00:45]} 51. Ra4 {[%clk 00:02:43]} {[%emt 00:00:06]} Rc7 {[%clk
00:03:36]} {[%emt 00:00:05]} 52. Rd4 {[%clk 00:03:08]} {[%emt 00:00:05]}
 1/2-1/2

[Event "Hull 4NCL International"]
[Site "Hull"]
[Date "2021.10.23"]
[Round "2.11"]
[White "Zhu, Yaoyao"]
[Black "Lalic, Peter D"]
[Result "0-1"]
[WhiteElo "1998"]
[BlackElo "2268"]
[PlyCount "90"]
[EventDate "2021.10.22"]

1. e4 d5 2. exd5 Nf6 3. c4 e6 4. dxe6 Bxe6 5. d4 Bb4+ 6. Bd2 Qe7 7. Bxb4 Qxb4+
8. Qd2 Nc6 9. Nf3 O-O-O 10. Be2 Rhe8 11. O-O Bg4 12. Qxb4 Nxb4 13. Nc3 Nc2 14.
Rac1 Nxd4 15. Nxd4 Rxd4 16. Bxg4+ Nxg4 17. h3 Nf6 18. Rfd1 Red8 19. Rxd4 Rxd4
20. b3 Rd2 21. Rd1 Rxd1+ 22. Nxd1 Kd7 23. Kf1 Kd6 24. Ke2 Kc5 25. Kd3 Kb4 26.
Nc3 c6 27. Kc2 Ka3 28. Kb1 a5 29. f3 h6 30. Na4 Nd7 31. Nc3 Nf6 32. Na4 b5 33.
cxb5 cxb5 34. Nc5 Nh5 35. Nb7 Nf4 36. Nxa5 Nxg2 37. Nc6 Nf4 38. Nd4 Kb4 39. Nf5
Nxh3 40. Nxg7 Nf4 41. Nf5 h5 42. Nh4 Ng6 43. Ng2 h4 44. Ne3 h3 45. Ng4 Kc3 0-1

[Event "Hull 4NCL International"]
[Site "Hull"]
[Date "2021.10.23"]
[Round "2.12"]
[White "Jukes, Sam"]
[Black "Okhai, Shabir"]
[Result "0-1"]
[WhiteElo "1973"]
[BlackElo "2234"]
[PlyCount "60"]
[EventDate "2021.10.22"]

1. e4 e5 2. Nf3 Nc6 3. Bc4 Bc5 4. c3 Nf6 5. d3 d6 6. Bb3 h6 7. O-O a5 8. a4 O-O
9. Nbd2 Re8 10. Re1 Ne7 11. Nf1 Ng6 12. g3 c6 13. Be3 Bxe3 14. Nxe3 d5 15. Nf1
Bg4 16. Kg2 Qd7 17. N1d2 Rad8 18. Qe2 Nh5 19. Kg1 Nf6 20. Bc2 Re6 21. b4 Nh5
22. h4 Nxh4 23. gxh4 Nf4 24. Qe3 Rg6 25. Nf1 Bxf3+ 26. Ng3 Qg4 27. Bd1 dxe4 28.
Qxe4 Rxd3 29. Qxe5 Rxd1 30. Raxd1 Qh3 0-1

[Event "Hull 4NCL International"]
[Site "Hull"]
[Date "2021.10.23"]
[Round "2.13"]
[White "Lv, Jason"]
[Black "Edwards-Wright, Miles D"]
[Result "1/2-1/2"]
[WhiteElo "1945"]
[BlackElo "2091"]
[PlyCount "78"]
[EventDate "2021.10.22"]

1. d4 g6 2. Nf3 Bg7 3. c4 d6 4. Nc3 Bg4 5. e3 Nc6 6. Be2 Nf6 7. O-O O-O 8. b3
e5 9. d5 Ne7 10. e4 Bxf3 11. Bxf3 Nd7 12. Bg5 h6 13. Bxe7 Qxe7 14. g3 f5 15.
Bg2 f4 16. Qg4 Rf6 17. h4 a5 18. a3 Kh7 19. Bh3 Nc5 20. Rab1 h5 21. Qd1 fxg3
22. fxg3 Rxf1+ 23. Qxf1 Rf8 24. Qe2 a4 25. Nxa4 Nxa4 26. bxa4 b6 27. a5 bxa5
28. Rb5 Qd8 29. Rxa5 Qb8 30. Kg2 Qb6 31. Rb5 Qa7 32. Rb3 Bh6 33. Rf3 Rxf3 34.
Qxf3 Qc5 35. Qd3 Qb6 36. Be6 Qb2+ 37. Kf1 Qc1+ 38. Ke2 Qb2+ 39. Kf1 Qc1+
1/2-1/2

[Event "Hull 4NCL International"]
[Site "Hull"]
[Date "2021.10.23"]
[Round "2.14"]
[White "Gardiner, Eric D"]
[Black "Bedi, Adam"]
[Result "1/2-1/2"]
[WhiteElo "2091"]
[BlackElo "1930"]
[PlyCount "89"]
[EventDate "2021.10.22"]

1. e4 c6 2. Nc3 d5 3. Nf3 Bg4 4. h3 Bxf3 5. Qxf3 e6 6. Be2 Nf6 7. O-O Nxe4 8.
Nxe4 dxe4 9. Qxe4 Nd7 10. c3 Nf6 11. Qc2 Bd6 12. d4 h6 13. Bd2 O-O 14. c4 Rc8
15. Rad1 Re8 16. Bf3 Bb8 17. Be3 Qc7 18. g3 Qe7 19. Kg2 Red8 20. Rfe1 a6 21. b3
Rd7 22. Rd2 Rcd8 23. Red1 Qb4 24. Rd3 Qa5 25. Bd2 Qf5 26. g4 Qg6 27. Ba5 Bc7
28. Bxc7 Rxc7 29. Qe2 Rcd7 30. Qe5 Qg5 31. Qxg5 hxg5 32. Be2 Rd6 33. Kf3 Kf8
34. Ke3 Ke7 35. Bf3 R6d7 36. Bg2 Rd6 37. f4 gxf4+ 38. Kxf4 Nh7 39. h4 Nf8 40.
h5 Nh7 41. Be4 Nf6 42. Bf3 Nh7 43. Be4 Nf6 44. Bf3 Nh7 45. Be4 1/2-1/2

[Event "Hull 4NCL International"]
[Site "Hull"]
[Date "2021.10.23"]
[Round "2.15"]
[White "Gillespie, Gary D"]
[Black "Collinson, Mark I"]
[Result "1/2-1/2"]
[WhiteElo "1895"]
[BlackElo "2073"]
[PlyCount "110"]
[EventDate "2021.10.22"]

1. d4 Nf6 2. Nf3 c5 3. e3 g6 4. Be2 Bg7 5. O-O d5 6. b3 cxd4 7. exd4 Nc6 8. Bb2
Bf5 9. Nh4 Qd7 10. Nxf5 Qxf5 11. Bd3 Qd7 12. c3 Rc8 13. Nd2 O-O 14. Re1 Rfe8
15. Nf3 e5 16. dxe5 Ng4 17. Rc1 Ncxe5 18. Nxe5 Bxe5 19. h3 Bh2+ 20. Kf1 Rxe1+
21. Qxe1 Re8 22. Qd2 Ne5 23. Rd1 Qe6 24. Bb5 Rd8 25. c4 d4 26. Bxd4 Nf3 27.
gxf3 Qxh3+ 28. Ke2 Rd6 29. Qc3 Re6+ 30. Be3 Be5 31. Rd8+ Kg7 32. Qd3 Qh4 33.
Rd5 Qf6 34. Kd2 Qxf3 35. Rxe5 Rxe5 36. Bd4 Qf4+ 37. Kc2 f6 38. Bxe5 fxe5 39.
Qe3 Qf5+ 40. Kc3 a6 41. Ba4 h5 42. c5 h4 43. c6 b5 44. Bxb5 axb5 45. c7 h3 46.
Qc5 h2 47. Qe7+ Kh6 48. Qh4+ Qh5 49. Qxh5+ gxh5 50. c8=Q h1=Q 51. Qh8+ Kg6 52.
Qg8+ Kf5 53. Qf7+ Kg5 54. Qg7+ Kf5 55. Qf7+ Kg5 1/2-1/2

[Event "Hull 4NCL International"]
[Site "Hull"]
[Date "2021.10.23"]
[Round "2.16"]
[White "Pal, Rohan"]
[Black "Thomson, Neil"]
[Result "0-1"]
[WhiteElo "1805"]
[BlackElo "2062"]
[PlyCount "122"]
[EventDate "2021.10.22"]

1. e4 g6 2. d4 Bg7 3. Nc3 d6 4. g3 Nd7 5. Bg2 c5 6. Nge2 Ngf6 7. h3 O-O 8. O-O
Rb8 9. a4 b6 10. Bg5 Bb7 11. Qd2 Re8 12. Bh6 Bh8 13. f4 cxd4 14. Nxd4 Nc5 15.
Rae1 d5 16. e5 Nfe4 17. Nxe4 Nxe4 18. Qe3 Qd7 19. b3 f5 20. g4 fxg4 21. e6 Qd6
22. hxg4 Rbc8 23. c4 dxc4 24. Nb5 Qxe6 25. f5 Qe5 26. Bxe4 Bxe4 27. Qxe4 Qg3+
28. Qg2 Qxg2+ 29. Kxg2 a6 30. Na3 cxb3 31. Re6 gxf5 32. Rxf5 Bb2 33. Rxb6 Bxa3
34. Rg5+ Kf7 35. Rg7+ Kf8 36. Rxb3 Rc2+ 37. Kh3 Rd8 38. Rxa3 Rd1 39. Rf3+ Ke8
40. Rxh7 Rh1+ 41. Kg3 Rg1+ 42. Kh4 Rc4 43. Rg7 Rh1+ 44. Kg5 Rxa4 45. Rff7 Re4
46. Kf5 Re2 47. g5 Rf1+ 48. Kg6 Re6+ 49. Kh7 Rxf7 50. g6 Rxg7+ 51. Bxg7 Re2 52.
Bd4 Rg2 53. Be5 a5 54. Bd4 a4 55. Be5 a3 56. Bd4 a2 57. Be5 e6 58. Kg7 Rg1 59.
Kf6 a1=Q 60. Bxa1 Rxa1 61. g7 Rg1 0-1

[Event "Hull 4NCL International"]
[Site "Hull"]
[Date "2021.10.23"]
[Round "2.17"]
[White "Kilshaw, Joe"]
[Black "Pattni, Kishan"]
[Result "1-0"]
[WhiteElo "2050"]
[BlackElo "1743"]
[PlyCount "103"]
[EventDate "2021.10.22"]

1. c4 Nf6 2. Nc3 b6 3. e4 e5 4. d3 Bb4 5. Nge2 O-O 6. g3 h6 7. Bg2 d6 8. O-O
Bxc3 9. Nxc3 Nc6 10. h3 Nd4 11. f4 c5 12. f5 Kh7 13. Be3 Bb7 14. g4 g5 15.
fxg6+ fxg6 16. g5 Nh5 17. gxh6 Qh4 18. Qd2 Bc6 19. Rxf8 Rxf8 20. Rf1 Rxf1+ 21.
Kxf1 Ne6 22. Ne2 Nef4 23. Nxf4 Ng3+ 24. Kg1 exf4 25. Bf2 f3 26. Bxf3 Qxh3 27.
Bg2 Qg4 28. Qe3 Ne2+ 29. Kf1 Nf4 30. Bf3 Qh3+ 31. Ke1 Qxh6 32. d4 Qg5 33. dxc5
bxc5 34. Qa3 Qe7 35. Qe3 Qe5 36. b4 Qa1+ 37. Kd2 Qb2+ 38. Ke1 Qxb4+ 39. Kf1
Qxc4+ 40. Kg1 Nh3+ 41. Kg2 Nxf2 42. Qxf2 g5 43. Qd2 g4 44. Bxg4 Qxe4+ 45. Kg3
d5 46. Qg5 Qe1+ 47. Kh2 Qf2+ 48. Kh3 Qf1+ 49. Kh2 Qf8 50. Bf5+ Kh8 51. Qh5+ Kg7
52. Qg6+ 1-0

[Event "Hull 4NCL International"]
[Site "Hull"]
[Date "2021.10.23"]
[Round "2.18"]
[White "Gillespie, David P"]
[Black "Sheppard, Derek A"]
[Result "1-0"]
[WhiteElo "2003"]
[BlackElo "1710"]
[PlyCount "87"]
[EventDate "2021.10.22"]

1. d4 e6 2. e4 d5 3. exd5 exd5 4. Bd3 Nc6 5. c3 Bd6 6. Qe2+ Nge7 7. Bg5 Be6 8.
Nf3 Qd7 9. Nbd2 f6 10. Bh4 O-O-O 11. Nb3 Rde8 12. Bg3 Nf5 13. O-O-O Nxg3 14.
hxg3 Bf5 15. Qc2 Bxd3 16. Qxd3 h6 17. Nh4 Ne7 18. Rde1 f5 19. Nc5 Bxc5 20. dxc5
c6 21. Re5 g6 22. Rhe1 h5 23. Qe3 Kd8 24. Rxe7 Rxe7 25. Qxe7+ Qxe7 26. Rxe7
Kxe7 27. Nxg6+ Kf7 28. Nxh8+ Kg7 29. Kd2 Kxh8 30. Ke3 Kg7 31. Kf4 Kf6 32. f3 b6
33. b4 bxc5 34. bxc5 a6 35. g4 fxg4 36. fxg4 hxg4 37. Kxg4 Ke5 38. Kh5 Ke4 39.
g4 Kd3 40. g5 Kxc3 41. g6 d4 42. g7 d3 43. g8=Q d2 44. Qb3+ 1-0